Taxation. (Record no. 56134)

MARC details
000 -LEADER
fixed length control field 00692cam a22002651 4500
001 - CONTROL NUMBER
control field sa 64000286
003 - CONTROL NUMBER IDENTIFIER
control field DLC
005 - DATE AND TIME OF LATEST TRANSACTION
control field 20260227111955.0
008 - FIXED-LENGTH DATA ELEMENTS--GENERAL INFORMATION
fixed length control field 841103s1962 ii a b 000 0 eng
010 ## - LIBRARY OF CONGRESS CONTROL NUMBER
LC control number sa 64000286
025 ## - OVERSEAS ACQUISITION NUMBER
Overseas acquisition number PL480: I-E-2059
035 ## - SYSTEM CONTROL NUMBER
System control number (OCoLC)11343755
040 ## - CATALOGING SOURCE
Original cataloging agency DLC
Transcribing agency CSluSP
Modifying agency DLC
042 ## - AUTHENTICATION CODE
Authentication code premarc
050 00 - LIBRARY OF CONGRESS CALL NUMBER
Classification number HJ4761
Item number .I55
110 2# - MAIN ENTRY--CORPORATE NAME
Corporate name or jurisdiction name as entry element Indian Investment Centre.
245 00 - TITLE STATEMENT
Title Taxation.
260 ## - PUBLICATION, DISTRIBUTION, ETC.
Place of publication, distribution, etc. New Delhi,
Date of publication, distribution, etc. 1962.
300 ## - PHYSICAL DESCRIPTION
Extent vii, 182 p.
Other physical details tables.
Dimensions 22 cm.
500 ## - GENERAL NOTE
General note Cover title.
504 ## - BIBLIOGRAPHY, ETC. NOTE
Bibliography, etc. note Bibliography: p. 175.
650 #0 - SUBJECT ADDED ENTRY--TOPICAL TERM
Topical term or geographic name entry element Income tax
Geographic subdivision India.
650 #0 - SUBJECT ADDED ENTRY--TOPICAL TERM
Topical term or geographic name entry element Undistributed profits tax
Geographic subdivision India.
740 0# - ADDED ENTRY--UNCONTROLLED RELATED/ANALYTICAL TITLE
Uncontrolled related/analytical title Investing in India.

No items available.

Powered by Koha